000 01150cam a22003254a 4500
001 15361424
005 20250227105013.0
008 080710s2008 enk b 001 0 eng
010 _a 2008932899
015 _aGBA800851
_2bnb
016 7 _a014476565
_2Uk
020 _a9781845420475 (hbk.)
020 _a1845420470 (hbk.)
035 _a(OCoLC)ocn271769593
040 _aUKM
_cUKM
_dCWL
_dBWX
_dYDXCP
_dBAKER
_dBTCTA
_dBWK
_dNLGGC
_dNDL
_dVRL
_dDLC
041 0 _aeng
042 _aukblcatcopy
_alccopycat
050 0 0 _aK1401
_b.R468 2008
082 0 4 _a346.048
_222
245 0 0 _aResearch handbook on intellectual property and competition law /
_cedited by Josef Drexl.
260 _aCheltenham, UK :
_aNorthampton, MA :
_bE. Elgar,
_cc2008.
300 _axix, 490 p. ;
_c25 cm.
504 _aIncludes bibliographical references and index.
650 0 _aIntellectual property
_xEconomic aspects.
_9127993
650 0 _aRestraint of trade.
_9102936
700 1 _aDrexl, Josef.
_9127994
906 _a7
_bcbc
_ccopycat
_d2
_eepcn
_f20
_gy-gencatlg
942 _2ddc
_cBK
999 _c612988
_d612988